UM Logo

Pedagogical documentation in early years practice : (Record no. 14133)

MARC details
000 -LEADER
fixed length control field 02706nam a22003615i 4500
001 - CONTROL NUMBER
control field 19591684
005 - DATE AND TIME OF LATEST TRANSACTION
control field 20190816111949.0
008 - FIXED-LENGTH DATA ELEMENTS--GENERAL INFORMATION
fixed length control field 170407s2017 cau 000 0 eng
010 ## - LIBRARY OF CONGRESS CONTROL NUMBER
LC control number 2017939363
020 ## - INTERNATIONAL STANDARD BOOK NUMBER
International Standard Book Number 9781473944619 (pbk. : alk. paper)
020 ## - INTERNATIONAL STANDARD BOOK NUMBER
International Standard Book Number 9781473944602 (hardback : alk. paper)
040 ## - CATALOGING SOURCE
Original cataloging agency DLC
Language of cataloging eng
Description conventions rda
Transcribing agency DLC
042 ## - AUTHENTICATION CODE
Authentication code pcc
082 ## - DEWEY DECIMAL CLASSIFICATION NUMBER
Edition number 2017
Classification number DC 372.2123
Item number F624
100 1# - MAIN ENTRY--PERSONAL NAME
Personal name Fleet, Alma.
9 (RLIN) 39212
245 10 - TITLE STATEMENT
Title Pedagogical documentation in early years practice :
Remainder of title seeing through multiple perspectives /
Statement of responsibility, etc. Alma Fleet, Catherine Patterson, Janet Robertson.
250 ## - EDITION STATEMENT
Edition statement 1st edition.
260 ## - PUBLICATION, DISTRIBUTION, ETC. (IMPRINT)
Place of publication, distribution, etc. London :
Name of publisher, distributor, etc. SAGE,
Date of publication, distribution, etc. 2017
263 ## - PROJECTED PUBLICATION DATE
Projected publication date 1706
300 ## - PHYSICAL DESCRIPTION
Extent xv, 222 pages :
Other physical details illustrations ;
Dimensions 25 cm
500 ## - GENERAL NOTE
General note Includes bibliographical references and index
505 ## - FORMATTED CONTENTS NOTE
Formatted contents note Part 1. Setting the stage -- The landscape of pedagogical documentation -- Pedagogical documentation and pedagogical choices -- Developing pedagogical documentation within the EYFS curriculum framework -- Commentary 1: living with a growing idea -- Part 2. Languages of representation -- The worlds of the very young: seeing the everyday in small pieces -- Making learning visible in dance and other creative arts -- Using video in pedagogical documentation: interpretive and poetic possibilities -- Commentary 2: opening doors and windows -- Part 3. Embracing possibilities of change -- Collaborative decision-making within pedagogical documentation -- Pedagogic documentation and student learning -- Making the outdoors visible in pedagogical documentation -- Diving into the unknown: the experience of pedagogical documentation at Mia Mia -- Commentary 3: posing big(ger) ideas and questions -- Part 4. The wider view -- Knowledge and practice of pedagogic documentation: professional development for educators -- The potential of pedagogical documentation for leadership enactment -- Weavings, walks and wonderings: stories of the liveliness of pedagogical narrations -- Commentary 4: situating pedagogical documentation in a democratic context -- Pedagogical documentation: where to from here?
520 ## - SUMMARY, ETC.
Summary, etc. This text draws on the projects and experiences of senior researchers from nations including Australia, Canada, Sweden, Singapore, the UK and the USA to highlight multiple approaches to pedagogical documentation
650 ## - SUBJECT ADDED ENTRY--TOPICAL TERM
Topical term or geographic name as entry element Early childhood education
9 (RLIN) 39213
650 ## - SUBJECT ADDED ENTRY--TOPICAL TERM
Topical term or geographic name as entry element Critical pedagogy
9 (RLIN) 39214
650 ## - SUBJECT ADDED ENTRY--TOPICAL TERM
Topical term or geographic name as entry element Observation (Educational method)
9 (RLIN) 39215
700 ## - ADDED ENTRY--PERSONAL NAME
Personal name Patterson, Catherine
9 (RLIN) 39216
700 ## - ADDED ENTRY--PERSONAL NAME
Personal name Robertson, Janet
9 (RLIN) 39217
365 ## - TRADE PRICE
Price amount 2,915.00
Currency code Php
906 ## - LOCAL DATA ELEMENT F, LDF (RLIN)
a 0
b ibc
c orignew
d 2
e epcn
f 20
g y-gencatlg
942 ## - ADDED ENTRY ELEMENTS (KOHA)
Source of classification or shelving scheme Dewey Decimal Classification
Koha item type Circulation
Holdings
Withdrawn status Lost status Source of classification or shelving scheme Damaged status Not for loan Collection code Home library Current library Date acquired Source of acquisition Cost, normal purchase price Total Checkouts Full call number Barcode Date last seen Copy number Price effective from Koha item type
    Dewey Decimal Classification     Circulation UM Digos College - LIC UM Digos College - LIC 08/08/2019 Purchased 2915.00   DC 372.2123 F624 2017 25434 05/15/2025 1 08/16/2019 Circulation